Les arrêts du bus 60 RATP (Paris) - Statistiques

Statistiques générales
  • Ce quiz a été pris 6 fois
  • Le résultat moyen est 16 sur 37
Statistiques - réponses
Numéro Arrêts % Correct
4 Angélique Compoint
80%
7 Damrémont - Ordener
80%
8 Duhesme - Le Ruisseau
80%
37 Gambetta - Japon
80%
26 Laumière
80%
10 Marcadet - Poissonniers
80%
1 Porte de Montmartre
80%
17 Rosa Parks
80%
6 Damrémont - Championnet
60%
22 Flandre
60%
9 Mairie du 18ème - Jules Joffrin
60%
12 Ordener - Marx Dormoy
60%
13 Place de Torcy
60%
11 Pont Marcadet
60%
5 Poteau - Belliard
60%
3 René Binet
60%
16 Evangile - Aubervilliers
40%
32 Pelleport - Belleville
40%
31 Pixérécourt
40%
30 Place des Fêtes
40%
14 Place Hébert
40%
33 Borrego
20%
29 Botzaris
20%
23 Canal de l'Ourcq
20%
20 Corentin Cariou
20%
21 Flandre - Alphonse Karr
20%
36 Gambetta - Mairie du 20ème
20%
2 Gérard de Nerval
20%
28 Manin
20%
34 Ménilmontant - Pelleport
20%
24 Ourcq - Jean Jaurès
20%
35 Pelleport - Gambetta
20%
18 Rosa Parks - Curial
20%
15 Tristan Tzara
20%
27 Armand Carrel - Mairie du 19ème
0%
19 Cambrai - Curial
0%
25 Jean Jaurès - Lorraine
0%
Aucun quiz correspondant
Distribution des résultats
% des personnes avec chaque résultat
Percentile par nombre de réponses
Votre historique - résultats
Vous n’avez pas pris ce quiz